00503nam a22001697a 450000500170000001000130001702000260003003500130005603700240006908200110009310000180010424500580012226000320018027000670021230000300027949000240030920111201151131.0 aB-454764 a9788179932100c155.00 aB-454764 aBlue Berry/VenbDPL a333.92 aRicha, Sharma aWind Power :bpowering the future /cby Richa, Sharma aNew DelhibTeri Pressc2008 aDarbari Seth Block, IHC Complex, Lodhi RoadbNew Delhie110003 a30p.bcol.illc28cm. (Hb) aFuture Power Energy